<The> rise and fall of subsidiarity.

Podstata a koncepcia pridruženosti a vzťahy medzi ES ako celkom, medzi členskými štátmi ES a oblasťami. Súčasná inštitucionálna štruktúra ES - návrhy na nutné úpravy pre budúcu dekádu. Hodnotenie návrhov inštitucionálneho rozvoja ES smerom k politickej a ekonomickej únii za predpokladu, že proces in...

Full description

Saved in:
Bibliographic Details
Main Author: Schaefer, G.F
Format: Book Chapter
Language:English
Subjects:
Tags: Add Tag
No Tags, Be the first to tag this record!

MARC

LEADER 00000naa a2200000 4500
001 r007247
005 20221213085000.1
041 0 |a eng 
044 |a GB 
245 1 0 |a <The> rise and fall of subsidiarity.  |c G.F. Schaefer 
520 |a Podstata a koncepcia pridruženosti a vzťahy medzi ES ako celkom, medzi členskými štátmi ES a oblasťami. Súčasná inštitucionálna štruktúra ES - návrhy na nutné úpravy pre budúcu dekádu. Hodnotenie návrhov inštitucionálneho rozvoja ES smerom k politickej a ekonomickej únii za predpokladu, že proces integrácie je nezvratný. 
610 2 0 |a Európske spoločenstvá 
610 2 0 |a štruktúra organizačná 
610 2 0 |a integrácia ekonomická medzinárodná 
610 2 0 |a inštitúcia 
100 1 |a Schaefer, G.F.